|
|
|
|
| LEADER |
00000nam0a2200000 4500 |
| 001 |
271488 |
| 005 |
20231101234436.0 |
| 020 |
|
|
|a RU
|b 87-46423
|
| 035 |
|
|
|a (RuTPU)RU\TPU\book\294670
|
| 090 |
|
|
|a 271488
|
| 100 |
|
|
|a 20141008d1987 k y0rusy5003 ca
|
| 101 |
0 |
|
|a rus
|
| 102 |
|
|
|a UA
|
| 105 |
|
|
|a a z 001zy
|
| 200 |
1 |
|
|a Оптическая запись информации
|e сборник научных трудов
|f Академия наук Украинской ССР (АН УССР), Институт проблем моделирования в энергетике (ИПМЭ) ; под ред. В. В. Петрова
|
| 210 |
|
|
|a Киев
|c Наукова думка
|d 1987
|
| 215 |
|
|
|a 97 с.
|c ил.
|
| 320 |
|
|
|a Библиогр. в конце статей
|
| 606 |
1 |
|
|a Запоминающие устройства оптические
|2 stltpush
|3 (RuTPU)RU\TPU\subj\11344
|9 38293
|
| 610 |
1 |
|
|a оптические диски
|
| 610 |
1 |
|
|a цифровые демодуляторы
|
| 610 |
1 |
|
|a оптические запоминающие устройства
|
| 610 |
1 |
|
|a передаточные функции
|
| 610 |
1 |
|
|a тиристорный инвентор
|
| 610 |
1 |
|
|a носители информации
|
| 610 |
1 |
|
|a теллур
|
| 610 |
1 |
|
|a фоторезисты
|
| 610 |
1 |
|
|a полупроводник-металл
|
| 675 |
|
|
|a 681.327.68
|v 3
|
| 702 |
|
1 |
|a Петров
|b В. В.
|g Вячеслав Вячеславович
|4 340
|
| 712 |
0 |
2 |
|a Академия наук Украинской ССР (АН УССР)
|b Институт проблем моделирования в энергетике (ИПМЭ)
|c (Киев)
|2 stltpush
|3 (RuTPU)RU\TPU\col\7445
|
| 801 |
|
0 |
|a RU
|b RuMRKP
|c 19960705
|g psbo
|
| 801 |
|
1 |
|a RU
|b 63413507
|c 20141008
|
| 801 |
|
2 |
|a RU
|b 63413507
|c 20200824
|g RCR
|
| 942 |
|
|
|c BK
|